| 000 | 00482nam a2200193Ia 4500 | ||
|---|---|---|---|
| 003 | GCL | ||
| 008 | 140319s9999 xx 000 0 eng d | ||
| 040 |
_aGCL / _cGCL |
||
| 082 | 0 | 4 |
_a597 _bH F |
| 100 | 1 | _aHARA, TOSKIAKI J. | |
| 245 | 1 | 0 |
_aFISH CHEMORECPTION / _cHARA, TOSKIAKI J. |
| 260 |
_a[S.N] : _bCHAPMAN & HALL ، _c1992 |
||
| 300 | _a373 P | ||
| 650 | 0 | 4 | _aENVIRONMENT |
| 650 | 0 | 4 | _aWATER - ROCK INTERACTION |
| 650 | 0 | 4 | _aFISHES |
| 650 | 0 | 4 | _aECOLOGY |
| 942 |
_2ddc _cBK |
||
| 999 |
_c17176 _d17176 |
||